[Event "ICS rated blitz match"]
[Site "207.99.83.227"]
[Date "1999.04.01"]
[Round "?"]
[White "Hossa"]
[Black "Amateur"]
[Result "1-0"]
[WhiteElo "2441"]
[BlackElo "2470"]
[Annotator "Fritz 5.32 (15s)"]
[PlyCount "111"]

1. e4 e5 2. Nf3 Nc6 3. Bc4 Bc5 4. c3 Nf6 5. d4 exd4 6. e5 Ne4 7. Qe2 (7. cxd4
Bb4+ 8. Bd2 Nxd2 9. Nbxd2 O-O 10. O-O d6 11. exd6 Qxd6 12. Bb3 Be6 13. d5 Ne5
14. Nxe5 Qxe5 15. dxe6 15... fxe6 {
1-0 Kharatian,A-Seppern,M/EuYouth U10 Girls, Tallinn EST 1997 (15)}) 7... d5 8.
exd6 8... f5 $146 (8... O-O 9. dxc7 Qe7 (9... Qd7 10. O-O Re8 11. Qd3 Ne5 12.
Nxe5 Rxe5 13. Bf4 Nxf2 14. Rxf2 Re1+ 15. Rf1 dxc3+ 16. Kh1 Qxd3 17. Bxd3 Rxf1+
18. Bxf1 18... cxb2 {0-1 Mohr-Hartlaub/Wiesbaden- (30.0) 1913 (18)}) 10. O-O
Re8 11. Nbd2 dxc3 12. Nxe4 cxb2 13. Bxb2 Qxe4 14. Qxe4 Rxe4 15. Bd5 Re7 16.
Rfe1 Bg4 17. Rxe7 17... Bxe7 {- Payet,A-Stevens,N/WchJW-U14 Szeged 1994 (17)})
9. dxc7 Qxc7 10. O-O 10... a6 $16 {Befestigt b5} (10... Qe7 11. cxd4 Nxd4 12.
Nxd4 Bxd4 13. Nd2 $14) 11. Bd5 dxc3 12. Nxc3 Ne7 13. Bxe4 (13. Nxe4 fxe4 14.
Bxe4 14... Bd7 $16) 13... fxe4 14. Nxe4 14... Bg4 $18 (14... Ba7 15. Be3 O-O
16. Rac1 $18) 15. Nxc5 $16 (15. Bg5 h6 16. Bh4 16... Bb4 $18) 15... Qxc5 16.
Re1 {Weiss geht zum Angriff ueber} 16... Rf8 (16... Bxf3 $142 17. Qxf3 17...
Rf8 $18) 17. Bg5 Rf7 (17... Qxg5 18. Nxg5 Bxe2 19. Rxe2 $18) 18. Qe5 Rc8 19.
Rac1 Qxe5 20. Nxe5 (20. Rxe5 $6 20... Rxc1+ 21. Bxc1 Bxf3 22. gxf3 22... Rxf3
$11) 20... Rxc1 {Droht Matt: Rxe1} 21. Rxc1 Rf5 22. f4 (22. Nxg4 $6 22... Rxg5
23. Ne3 23... Re5 $16) 22... Rxg5 (22... Rxe5 23. fxe5 Nc6 24. Re1 $18) 23.
fxg5 Be6 24. Rc7 Bd5 25. Kf2 Nf5 (25... Be4 26. a4 $18) 26. a4 (26. b4 {
laesst dem Gegner kaum Chancen} 26... Ne7 $18) 26... Kf8 (26... Ne7 27. a5 $18)
27. Rd7 Be4 28. g4 Nh4 29. Kg3 Ng6 30. Nxg6+ hxg6 31. Rd8+ (31. a5 {
und Weiss haette es noch leichter} 31... Bc6 32. Rc7 32... Kg8 $18) 31... Ke7
32. Rg8 Kf7 33. Rc8 Bd5 34. Kf4 Bg2 35. a5 Bd5 36. h4 Ke7 (36... Be6 {
waere gleichermassen fruchtlos} 37. Rc7+ Kg8 38. h5 $18) 37. Rc7+ {
Weiss erhaelt Koenigsangriff} 37... Kf8 38. Rd7 (38. h5 Kg8 39. hxg6 39... Kf8
$18) 38... Bc6 39. Rd8+ Kf7 (39... Ke7 {hilft auch nicht mehr} 40. h5 gxh5 41.
gxh5 $18) 40. h5 gxh5 41. gxh5 Be8 (41... Bb5 {macht keinen grossen Unterschied
} 42. g6+ Ke7 43. Rg8 $18) 42. h6 {Es droht Matt} 42... gxh6 43. gxh6 Kg6 44.
Rxe8 {Droht Matt} 44... Kxh6 45. Re6+ (45. Kf5 Kg7 46. Re7+ Kg8 47. Rxb7 Kf8
48. Ke6 Kg8 49. Kf6 Kh8 50. Kg6 Kg8 51. Rb8#) 45... Kg7 46. Rxa6 bxa6 47. b4
Kf7 48. b5 axb5 49. a6 Ke6 50. a7 Kd5 51. a8=Q+ Kc5 52. Qd8 b4 53. Ke5 {
Mit der Mattdrohung Qd4} 53... b3 (53... Kb5 {
aendert den traurigen Lauf der Dinge nicht} 54. Kd5 Ka4 55. Kc4 Ka3 56. Qd2 b3
57. Qf2 b2 58. Qa7#) 54. Qd6+ Kc4 55. Qd4+ Kb5 56. Kd5 (56. Kd5 Ka6 57. Qb4 b2
58. Kc6 b1=Q 59. Qa4#) 1-0

[Event "ICS Rated blitz match"]
[Site "207.99.83.227"]
[Date "1999.04.01"]
[Round "?"]
[White "nimraz"]
[Black "Hossa"]
[Result "1-0"]
[WhiteElo "2172"]
[BlackElo "2442"]
[Annotator "Fritz 5.32 (15s)"]
[PlyCount "89"]

1. e4 d6 2. d4 Nf6 3. Nc3 Nbd7 4. f4 e6 (4... e5 5. dxe5 (5. Nf3 c6 6. Be2 Qc7
7. O-O Be7 8. Be3 O-O 9. Qe1 Ng4 10. Bd2 Re8 11. Qg3 exd4 12. Nxd4 Qb6 13. Bxg4
Qxd4+ 14. Be3 Qf6 15. Rad1 Nf8 16. Bh5 Ng6 17. Rd3 Rf8 18. Nd1 b6 19. c4 19...
d5 {Kehres,T-Petiko,J/Bad Zwesten GER 1999/0-1 (34)}) 5... dxe5 6. Nf3 Bd6 7.
Nb5 Nxe4 8. Bd3 Nec5 9. Nxd6+ cxd6 10. fxe5 dxe5 11. Bc4 O-O 12. O-O Qe7 13.
Kh1 Nb6 14. Bb3 Nxb3 15. axb3 f6 16. Be3 Be6 17. Bxb6 axb6 18. Qd2 Rad8 19. Qe3
Qc5 20. Qc3 Qxc3 21. bxc3 b5 22. Ra5 Bd7 23. Nd2 Bc6 24. Nb1 Rd7 25. Na3 Rd2
26. Nxb5 26... Bxg2+ {0-1 chinaco-Hawkeye/Internet Chess Club 1998 (26)}) 5.
Bc4 $11 (5. e5 Nd5 (5... dxe5 6. dxe5 Ng8 7. Nf3 Bc5 8. Ne4 f5 9. Neg5 Qe7 10.
Nd4 Nf8 11. Bb5+ c6 12. Nxc6 Qc7 13. Nd4+ Bd7 14. Bxd7+ Qxd7 15. c3 h6 16.
Ndxe6 Nxe6 17. Qh5+ Kf8 18. Bd2 Bf2+ 19. Ke2 Nxg5 20. fxg5 {
Harcet,F-Smerdelj,D/Open Portoroz 97 (6,29) 1997/ - (33)}) 6. Nf3 Be7 7. Nxd5
exd5 8. Bd3 c5 (8... O-O 9. O-O f5 10. c4 Nb6 11. exd6 cxd6 12. cxd5 h6 13. Qb3
Nd7 14. Re1 Rf7 15. Re6 Nf8 16. Bd2 g6 17. Rae1 Rg7 18. Bc3 Nxe6 19. dxe6 d5
20. a3 a5 21. Re5 Qd6 22. Rxd5 Bxe6 23. Rxd6 Bxb3 24. Rb6 Bd5 25. Ne5 Kh7 26.
Rb5 Bc6 27. Rxa5 Rxa5 28. Bxa5 Bf6 29. g3 Bd5 30. Kf2 b6 31. Bc3 Rc7 32. Ke3
Kg7 33. h4 Be6 34. Be2 Bd5 35. Bb5 Bxe5 36. fxe5 g5 37. hxg5 hxg5 38. Bd3 Rf7
39. Kf2 f4 40. g4 Rf8 41. Be2 Kf7 42. Bf3 Ke6 43. Bb4 Rf7 44. Bd6 Rh7 45. Bxd5+
Kxd5 46. a4 Rh2+ 47. Kf3 Rh3+ 48. Kf2 48... Rh2+ {
0-1 Kharlov A-Gabdrakhmanov/Team Ch Russia 1992 (48)}) 9. c3 dxe5 10. fxe5 f6
11. O-O O-O 12. Be3 cxd4 13. Bxd4 fxe5 14. Nxe5 Rxf1+ 15. Kxf1 Nxe5 16. Bxe5
Qf8+ 17. Kg1 Bc5+ 18. Kh1 Qe8 19. Bg3 Be6 20. Qc2 20... Qh5 {
- Rapp,M-Ebelshaeuser,P/RLPF-chC Hauenstein 1991 (20)}) (5. Nf3 $5 $14 {
steht zur Diskussion}) 5... Nxe4 {Schwarz erhaelt starke Initiative} 6. Nxe4 d5
7. Bd3 dxe4 8. Bxe4 Nf6 9. Bf3 c5 10. Be3 Qb6 11. dxc5 Qb4+ 12. Qd2 12... Qxb2
{Haelt den Koenig im Zentrum fest} 13. Bd4 Qb5 14. Ne2 $15 (14. Qc3 $5 $142 {
ist nicht von der Hand zu weisen} 14... Qa4 15. Ne2 $11) 14... Bxc5 15. Nc3 Qa5
16. Rb1 (16. Bxf6 gxf6 17. Ne4 Qxd2+ 18. Kxd2 18... Bb6 $15) 16... Bxd4 17.
Qxd4 O-O 18. Rb5 (18. Bxb7 $2 {ist nicht spielbar} 18... Bxb7 19. Rxb7 19...
Rac8 $19) 18... Qc7 19. Rg5 $17 (19. O-O Rd8 20. Qe5 20... Rd7 $17) 19... Kh8
20. Qe5 (20. O-O Rd8 21. Rc5 21... Qe7 $17) 20... Qb6 $11 (20... Qxe5+ $5 $142
21. fxe5 21... h6 $17) 21. Ne4 $4 $19 {danach wendet sich das Blatt} (21. Rxg7
$1 $142 {sieht noch spielbar aus} 21... Nd7 22. Rxh7+ Kxh7 23. Qh5+ Kg7 24.
Qg5+ Kh8 25. Qh5+ Kg8 26. Qg5+ Kh8 27. Qh5+ Kg8 28. Qg5+ 28... Kh8 $11) 21...
Qe3+ 22. Kf1 Qc1+ 23. Ke2 (23. Kf2 Nxe4+ 24. Bxe4 Qd2+ 25. Kg3 $17) 23... Qxc2+
$1 {nun ist alles klar.} (23... Qxh1 24. Rxg7 $1 {haelt den Vorteil fest} 24...
Nd7 25. Nf6 Qxh2 26. Nxd7 $18) 24. Ke1 (24. Nd2 Rd8 (24... Qxa2 $2 {
funktioniert nicht} 25. Ra1 Qxa1 26. Qxa1 $18) 25. Rd1 25... h6 $19) 24... Qb1+
25. Ke2 Qxh1 (25... Qxa2+ $5 {erleichterte Schwarz die Gewinnfuehrung} 26. Nd2
Qa6+ 27. Ke1 $19) 26. Nxf6 Rd8 (26... Qxh2 27. Nh5 f6 28. Qc7 $18) 27. Rxg7 {
Es droht Matt} 27... Qd1+ (27... Kxg7 $4 {zu gefraessig} 28. Nh5+ Kf8 29. Qc5+
Rd6 30. Qxd6+ Kg8 31. Qd8#) 28. Kf2 Rd2+ (28... Kxg7 $4 {
ein fetter Happen, aber} 29. Nd7+ Kg8 30. Qg5+ Kh8 31. Qxd8+ Kg7 32. Qf8+ Kg6
33. Ne5+ Kf6 34. Qxf7#) 29. Kg3 Rxg2+ (29... Qe1+ 30. Qxe1 Rxg2+ 31. Kxg2 Kxg7
32. Nh5+ Kf8 33. Qb4+ Kg8 34. Qd4 f6 35. Qxf6 e5 36. Qg7#) 30. Kxg2 Qd2+ 31.
Kh3 31... Kxg7 {Wenn Schwarz nun zu Qd8 kommt, geht es ihm besser} 32. Ne4+ $18
(32. Nd7+ $1 32... Kg8 33. Qg5+ Kh8 34. Qd8+ Kg7 35. Qf8+ Kg6 36. Ne5+ Kf6 37.
Qxf7#) 32... Kg8 {Weiss darf Schwarz nun nicht zu Qxf4 kommen lassen} 33. Nxd2
h6 34. Ne4 {Mit der Mattdrohung Nf6} 34... a6 35. Bh5 $18 (35. Nf6+ Kf8 36.
Qd6+ Kg7 37. Nh5+ Kg8 38. Qd8+ Kh7 39. Qf8 e5+ 40. Kh4 Kg6 41. Qg7+ Kf5 42.
Qxf7#) 35... a5 {Droht b5} 36. Nd6 Bd7 (36... f6 {
aendert den traurigen Lauf der Dinge nicht} 37. Qxf6 e5+ 38. f5 Be6 39. Qxe6+
Kg7 40. Qg6+ Kf8 41. Qf7#) 37. Bxf7+ Kh7 38. f5 (38. Qe4+ Kg7 39. Qg6+ Kf8 40.
Qf6 Be8 41. Bxe6+ Bf7 42. Qxf7#) 38... exf5 (38... Rg8 {nuetzt auch nichts mehr
} 39. Qf6 Rg7 40. Bg6+ Rxg6 41. Qxg6+ Kh8 42. Nf7#) 39. Qe7 (39. Qf6 f4+ 40.
Kh4 Rg8 41. Bxg8+ Kxg8 42. Qg6+ Kf8 43. Qf7#) 39... Rb8 (39... Re8 {
waere gleichermassen fruchtlos} 40. Bxe8+ Kg8 41. Bf7+ Kh7 42. Be6+ Kh8 43.
Qf8+ Kh7 44. Qg8#) 40. Kh4 (40. Be6+ Kh8 41. Nxf5 Rg8 42. Qf6+ Kh7 43. Qxh6#)
40... Bc6 (40... Be6 {holt die Kuh nicht vom Eis} 41. Bxe6+ Kh8 42. Bxf5 Kg8
43. Qf7+ Kh8 44. Qh7#) 41. Bh5+ (41. Bg6+ Kg8 42. Qf7+ Kh8 43. Qh7#) 41... Kh8
42. Qf6+ (42. Bg6 Kg8 43. Qf7+ Kh8 44. Qh7#) 42... Kg8 (42... Kh7 {
kann das Vorangegangene nicht ungeschehen machen} 43. Qg6+ Kh8 44. Nf7#) 43.
Bf7+ (43. Qg6+ Kf8 44. Qf7#) 43... Kh7 44. Qg6+ Kh8 45. Qxh6# 1-0

[Event "ICS Rated blitz match"]
[Site "207.99.83.227"]
[Date "1999.04.01"]
[Round "?"]
[White "Hossa"]
[Black "internetzo"]
[Result "1-0"]
[WhiteElo "2416"]
[BlackElo "2070"]
[Annotator "Fritz 5.32 (15s)"]
[PlyCount "53"]

1. e4 e6 2. Nf3 Nf6 (2... d5 3. Nc3 Nf6 4. e5 Nfd7 5. g3 c5 6. d3 Nc6 7. Bf4
Be7 8. h4 Qb6 9. Rb1 Qc7 10. Bh3 Ndxe5 11. Nxe5 Nxe5 12. Qh5 Bd6 13. O-O Bd7
14. Rfe1 Ng6 15. Nxd5 Qb8 16. Bxd6 Qxd6 17. Nc3 {
De Bortoli,P-Caruso,A/Podova ITA 1998/0-1 (46)}) 3. e5 Nd5 4. Be2 $11 (4. d4
4... Be7 $14) 4... c5 5. Nc3 Nc6 6. Nxd5 {Weiss ergreift die Initiative} 6...
exd5 7. O-O 7... d4 {Schwarz erobert Raum} 8. c3 {Ueberdeckt b4} 8... d6 9. Bb5
9... Bd7 $14 (9... dxc3 10. bxc3 d5 11. d4 $11) 10. Re1 10... Qb6 $16 (10...
dxe5 11. Nxe5 Be7 12. Qa4 Nxe5 13. Rxe5 $14) 11. exd6+ 11... Kd8 $18 (11... Be6
$5 $142 12. Bxc6+ Qxc6 13. cxd4 13... Bxd6 $16) 12. Bxc6 $16 (12. Ng5 $5 $142
12... Kc8 13. Qb3 $18) 12... Qxc6 $18 (12... Bxc6 $5 $142 13. Ne5 13... Bd5 $16
) 13. Ne5 Qd5 14. c4 Qe6 15. Nc6+ Bxc6 16. Rxe6 fxe6 17. b4 Bxd6 18. bxc5 Bxc5
19. Qg4 Kc7 (19... e5 20. Qxg7 Re8 21. d3 $18) 20. Qxg7+ (20. Qxe6 Rae8 21.
Qf7+ Re7 22. Qf4+ Bd6 23. Qxd6+ Kxd6 24. Ba3+ Kd7 25. Bxe7 Kxe7 26. Re1+ 26...
Kd6 $19) 20... Bd7 21. Rb1 Rag8 22. Qe5+ (22. Rxb7+ {ist genauer} 22... Kxb7
23. Qxd7+ 23... Kb8 $18) 22... Bd6 23. Qxd4 Bc6 24. g3 h5 25. Bb2 Rh6 (25...
Rh7 {holt die Kuh nicht vom Eis} 26. Qxa7 h4 27. Ba3 Bxg3 28. hxg3 (28. fxg3
hxg3 29. h4 Rxh4 30. Rxb7+ Bxb7 31. Qc5+ Bc6 32. Qe7+ Bd7 33. Qxh4 33... g2 $18
) 28... hxg3 29. f3 $18) 26. Qe3 (26. c5 $5 $142 {gibt noch groesseren Vorteil}
26... Bf8 27. Qf4+ 27... Kd8 $18) 26... Rf6 (26... Rhg6 $18 {
lenkt den Gegner vielleicht noch ab}) 27. Bxf6 (27. Bxf6 Re8 28. f4 $18) 1-0

[Event "ICS Rated blitz match"]
[Site "207.99.83.227"]
[Date "1999.04.01"]
[Round "?"]
[White "Hossa"]
[Black "MoonShot"]
[Result "0-1"]
[WhiteElo "2420"]
[BlackElo "2720"]
[Annotator "Fritz 5.32 (15s)"]
[PlyCount "144"]

1. e4 d5 2. exd5 Qxd5 3. Nc3 Qa5 4. Nf3 4... Bd7 $146 (4... Nf6 5. Be2 (5. Bc4
Nc6 6. h3 Ne5 7. Bb3 Nxf3+ 8. Qxf3 Qe5+ 9. Ne2 e6 10. d4 Qe4 11. Qg3 Bd7 12. f3
Qg6 13. Qf2 h5 14. h4 Bd6 15. Bg5 Qf5 16. Ng3 Qa5+ 17. c3 Ba4 18. Bxa4+ Qxa4
19. O-O 19... Nh7 {Kharlov,A-Reprintsev,A/St Petersburg RUS 1998/1-0 (34)}) (5.
d4 c6 6. Bc4 Bf5 7. Bd2 e6 8. Ne4 Qc7 9. Nxf6+ gxf6 10. Nh4 Bg6 11. Bb3 Nd7 12.
Qe2 O-O-O 13. O-O-O Nb6 14. c3 Bd6 15. g3 c5 16. Nxg6 hxg6 17. dxc5 Bxc5 18. h4
Qc6 19. g4 Qg2 20. h5 gxh5 21. gxh5 f5 22. Bf4 Qe4 23. Rxd8+ Kxd8 24. Rd1+ Ke7
25. Qd2 Qc6 26. h6 Nd7 27. f3 b5 28. Qg2 Rh7 29. Qg8 Nf8 30. Rd3 f6 31. Kb1 e5
32. Bg3 a5 33. Qg7+ Ke8 34. Bf7+ Ke7 35. Bd5+ Rxg7 36. hxg7 Qxd5 37. gxf8=Q+
Kxf8 38. Rxd5 {1-0 Shchekachev,A-Koeller,O/Bad Zwesten GER 1999 (38)}) 5... c6
6. O-O Bf5 7. d4 Nbd7 8. a3 Qc7 9. Re1 e6 10. b4 Bd6 11. h3 a5 12. b5 Nd5 13.
Nxd5 cxd5 14. Bd3 Bxd3 15. cxd3 Qc3 16. Ra2 a4 17. Qe2 Qb3 18. Ng5 O-O 19. Rb2
Qc3 20. Rc2 Qa5 21. Nxf7 Rxf7 22. Bd2 Qxb5 23. Qxe6 Qxd3 24. Rec1 Bxa3 25. Rc8+
Rxc8 26. Rxc8+ 26... Nf8 {0-1 Suri,H-Wahls,M/Bern op 1994 (26)}) (4... Bg4 5.
Be2 c6 6. O-O Nf6 7. b4 Qc7 8. h3 Bxf3 9. Bxf3 e6 10. a3 Nd5 11. Bb2 Nf4 12.
Ne2 Ng6 13. Be4 f5 14. Bf3 Bd6 15. Re1 e5 16. Bh5 O-O 17. Bxg6 hxg6 18. Nc3 b5
19. d3 {MoonShot-kay/Internet Chess Club 1997/0-1 (88)}) (4... Nc6 5. Bb5 Bd7
6. O-O a6 7. Bxc6 Bxc6 8. d4 O-O-O 9. Ne5 Be8 10. Be3 f6 11. Nc4 Qh5 12. Qd2 e5
13. Ne2 Bb5 14. b3 exd4 15. Nxd4 Bxc4 16. bxc4 Bd6 17. f4 Nh6 18. h3 Rhe8 19.
Qf2 Qf7 20. Rab1 Qxc4 21. Qf3 Rxe3 22. Qxe3 Bc5 23. c3 Rxd4 24. Kh1 Re4 25. Qf3
25... Qe2 {0-1 Galkin,A-Reprintsev,A/St Petersburg RUS 1998 (25)}) 5. Bc4 Nc6
6. d4 6... Qb4 $14 (6... e6 7. O-O $11) 7. Bd5 $11 (7. Qe2 Bg4 8. a3 8... Qd6
$14) 7... e6 8. a3 Qb6 9. Be4 $15 (9. Bb3 9... O-O-O $11) 9... O-O-O 10. O-O
Nf6 11. Re1 Nxe4 12. Rxe4 Bd6 13. Qd3 13... Kb8 $14 (13... Nb8 14. d5 $11) 14.
Re1 $11 (14. d5 Ne7 15. Be3 15... Bc5 $11 (15... Qxb2 $2 {ist nicht korrekt}
16. Ra2 Qxa2 17. Nxa2 $18)) 14... Ne7 15. Ng5 Be8 16. a4 $15 (16. Nce4 h6 17.
Nf3 17... Nf5 $11) 16... Qb4 $11 (16... Bb4 17. Nf3 $15) 17. Nf3 (17. Nxh7 $2 {
geht nicht} 17... Bxh2+ $1 {macht alles klar} 18. Kxh2 18... Rxd4 $19) 17... c5
18. Re4 (18. Ne4 cxd4 (18... Bxa4 $2 {laeuft nicht} 19. Nxd6 (19. dxc5 {
ist sichtlich schlechter} 19... Bxh2+ 20. Kxh2 Rxd3 21. Bf4+ Ka8 22. cxd3 22...
Bb5 $19) 19... Rxd6 20. Bd2 $18) 19. c3 19... Qb6 $11) 18... c4 19. Qd1 (19.
Qe2 19... Bc6 $15) 19... Bc6 20. Re1 Nf5 21. Ng5 $15 (21. Ne4 Bxe4 (21... Bxa4
$2 {uebersieht} 22. Bd2 (22. Nxd6 $6 22... Nxd6 (22... Rxd6 $143 23. Bd2 Qb5
24. Bf4 $16) 23. Bd2 23... Qb5 $14) 22... Qb5 23. Nc3 (23. Nxd6 $6 23... Nxd6 (
23... Rxd6 $143 24. Bf4 $16) 24. Re3 24... Qe8 $14) 23... Bxc2 24. Qxc2 $18)
22. Rxe4 22... Bc7 $11) 21... Rd7 22. Nce4 22... Bc7 $11 (22... h6 23. Nf3 $15
(23. Nxd6 $143 23... Qxd6 (23... Rxd6 $143 24. c3 Rxd4 25. Bf4+ Ka8 26. cxb4
Rxd1 27. Rexd1 hxg5 28. Bxg5 $18) (23... Nxd6 $6 24. c3 Qa5 25. Nf3 $11) (23...
hxg5 $6 24. Nxf5 exf5 25. Bxg5 $11) 24. Nf3 24... Nxd4 $17)) 23. c3 Qe7 (23...
Qa5 24. Nc5 Re7 25. b4 $11) 24. Nc5 (24. b3 h6 25. Nf3 25... Nh4 $11) 24...
Rdd8 25. Qh5 $15 (25. b3 h6 26. Nge4 26... Ka8 $11) 25... g6 26. Qe2 h6 27.
Nge4 27... Bd5 {Eine wichtige Figur} 28. Qg4 $15 (28. Rb1 Qh4 29. g3 29... Qh3
$11) 28... e5 29. dxe5 Bb6 30. b4 30... cxb3 {Auf den muss Weiss aufpassen} (
30... Qxe5 $4 {der Bauer ist nicht zu nehmen} 31. Bf4 Qxf4 32. Qxf4+ Bc7 33.
Qg4 $18) 31. Nd3 Qc7 (31... h5 32. Qf4 $15) 32. Rd1 (32. e6 h5 (32... fxe6 33.
Bf4 Nd6 34. a5 Bxe4 35. axb6 Qxc3 36. Qxe6 (36. bxa7+ $6 36... Ka8 37. Be5
37... Qxd3 $11) 36... Qxd3 37. Rad1 $18 (37. bxa7+ {scheitert an} 37... Ka8 $17
)) (32... Bxe6 $143 33. Bf4 Rxd3 34. Bxc7+ Bxc7 35. Nc5 Rxc3 36. Qb4 Rxc5 37.
Qxc5 $18) 33. Qd1 Bxe4 (33... Bxe6 34. Bf4 Qxf4 35. Nxf4 Rxd1 36. Raxd1 $11) (
33... fxe6 $2 {ist ein Schlag ins Wasser} 34. Bf4 Qxf4 35. Nxf4 $18) 34. Rxe4
34... Qc6 $15) 32... Qc4 33. Nf6 33... Qxg4 {Droht Matt: Qxg2} 34. Nxg4 34...
Bc4 {Der Laeufer steht auf c4 komfortabel} 35. Nb2 Rxd1+ 36. Nxd1 Kc7 (36...
Ba5 37. f3 $17) 37. Nb2 Be6 38. Bd2 $17 (38. a5 38... Bc5 $15) 38... Bc5 (38...
Rd8 39. Rd1 $17) 39. a5 (39. Kf1 Rd8 40. Bc1 40... h5 $17) 39... g5 40. a6 $19
(40. Kf1 $5 $17) 40... Rd8 41. Be1 bxa6 42. Nf6 Kb7 (42... Kb6 43. Kf1 $19) 43.
h3 (43. Kf1 43... Be7 $19) 43... Bb6 44. Ng4 (44. Ra3 44... Kc6 $19) 44... Bc7
45. Ra4 Rc8 46. Nd3 (46. Kf1 h5 47. Nf6 Bxe5 48. Rb4+ 48... Ka8 $19) 46... Bb6
(46... a5 {laesst dem Gegner kaum Chancen} 47. Kf1 $19) 47. Kh1 (47. Nb2 47...
a5 $19) 47... a5 48. Ra3 (48. Kg1 48... Ka6 $19) 48... Kc6 49. Nf6 (49. Kg1 {
waere gleichermassen fruchtlos} 49... Bc7 $19) 49... Ne7 (49... Bc7 {
ginge schneller} 50. Nb2 $19) 50. Ra4 (50. Kg1 {hilft auch nicht mehr} 50...
Ng6 $19) 50... Ng6 51. Kg1 Bf5 (51... Kb5 {
damit wuerde Schwarz es sich noch erleichtern} 52. Nb2 Nxe5 53. Ra3 $19) 52.
Nb2 Nxe5 53. Ra3 (53. Ng4 {aendert nichts mehr} 53... Nxg4 54. hxg4 54... Bd7
$19) 53... Bc2 (53... Rb8 {waere im Gewinnsinne praeziser} 54. Bd2 $19) 54. Bd2
(54. Ng4 {macht keinen grossen Unterschied} 54... Re8 55. Nxe5+ 55... Rxe5 $19)
54... Kd6 (54... Rd8 $5 $142 {und Schwarz haette es noch leichter} 55. Bc1 Nd3
56. Ra1 Bxf2+ 57. Kh2 $19) 55. Ra1 (55. Kf1 {hilft allerdings auch nicht} 55...
Nc4 56. Nxc4+ 56... Rxc4 $19) 55... Nd3 56. Nxd3 (56. Bc1 {
macht keinen grossen Unterschied} 56... Nxf2 57. Kf1 57... Ke6 $19) 56... Bxd3
57. Bc1 Rxc3 58. Ba3+ 58... Bc5 {Schwarz haelt das Heft fest in der Hand} 59.
Ne8+ (59. Rd1 {kann das Vorangegangene nicht ungeschehen machen} 59... Kc6 $1 {
die Pointe} 60. Rc1 Rc2 (60... Bxa3 61. Rxc3+ Bc5 62. Rxd3 $17) 61. Rxc2 61...
Bxc2 $19) 59... Kc6 60. Bb2 (60. Kh2 {hilft auch nicht mehr} 60... Bxa3 61.
Rxa3 61... Bc4 $19) 60... Rc2 61. Rd1 Rxb2 62. Rxd3 a4 63. Rd1 (63. Rd8 {
aendert nichts am Ausgang der Partie} 63... a3 64. Rc8+ 64... Kb6 $19) 63...
Rxf2 64. Kh2 b2 65. h4 a3 66. hxg5 66... a2 {Mit der Mattdrohung b1Q} 67. gxh6
67... b1=Q $1 {triumphiert. Droht Matt} 68. h7 Qxh7+ (68... Qe4 69. Rd6+ Bxd6+
70. Kh3 Rxg2 71. h8=Q Qg4#) 69. Kg3 Qg6+ 70. Kh4 (70. Kh3 {aendert nichts mehr}
70... Qxg2+ 71. Kh4 Rf4+ 72. Kh5 Qg6#) 70... Be7+ 71. Nf6 Bxf6+ 72. Kh3 Qxg2#
0-1

[Event "ICS rated blitz match"]
[Site "207.99.83.227"]
[Date "1999.04.01"]
[Round "?"]
[White "toothfairy"]
[Black "Hossa"]
[Result "1/2-1/2"]
[WhiteElo "2040"]
[BlackElo "2415"]
[Annotator "Fritz 5.32 (15s)"]
[PlyCount "101"]

1. e4 e5 2. Nf3 Nc6 3. Bc4 Bc5 4. d3 Nf6 5. Bg5 d6 6. c3 (6. Nc3 h6 7. Bh4 Be6
8. Bb3 Qd7 9. O-O g5 10. Bg3 O-O-O 11. Qd2 Nh5 12. Kh1 f5 13. exf5 Bxf5 14. h3
Nd4 15. Nxd4 Bxd4 16. a4 Rdf8 17. Qe2 Nf4 18. Bxf4 exf4 19. Qf3 h5 20. Qd1 Kb8
21. a5 Bxh3 22. Kh2 Be5 23. f3 Bf5 24. d4 Bg7 25. Qe2 g4 26. fxg4 hxg4+ 27. Kg1
Bxd4+ 28. Rf2 28... g3 {0-1 Gimmerthal,I-Platz,R/DEM U13 Pinneberg 1996 (28)})
6... Bg4 $146 (6... Bb6 7. Nbd2 Ne7 8. d4 Ng6 9. h4 h6 10. Be3 Bg4 11. Qb3 Qe7
12. O-O-O Rf8 13. Rde1 O-O-O 14. Ng1 Nh5 15. f3 Be6 16. Ne2 Bxc4 17. Nxc4 Qf6
18. g4 Nhf4 19. Nxf4 Nxf4 20. Qc2 Ne6 21. Qf2 {
Bjerring Kai-Juergens Peter/It (open), Copenhagen (Denmark) (3) 1994/0-1 (40)})
(6... a6 7. Bb3 Qe7 8. Bh4 Ba7 9. Nbd2 Nd8 10. d4 h6 11. Qe2 Bg4 12. dxe5 dxe5
13. h3 Be6 14. Ba4+ b5 15. Bc2 Bd7 16. a4 Ne6 17. Bg3 Nf4 18. Bxf4 exf4 19. e5
Nd5 20. axb5 Bxb5 21. Qe4 Bc6 22. Nb3 Rd8 23. Rxa6 Bb6 24. Nbd4 Bb7 25. Rxb6
cxb6 26. Nf5 Qd7 27. Nd6+ Kf8 28. Nxb7 Qxb7 29. c4 Qa8 30. cxd5 Qxd5 31. Qxf4
Qa5+ 32. b4 Qa1+ 33. Ke2 Qa6+ 34. b5 Qxb5+ 35. Ke3 Qc5+ 36. Nd4 Rxd4 37. Qxd4 {
1-0 John,V-Borislav,I/Belgrade tt 1986 (37)}) (6... h6 7. Bh4 $11) 7. h3 Bxf3 (
7... Bd7 8. d4 Bb6 9. d5 $11) 8. Qxf3 8... Qe7 $16 (8... h6 9. Bxf6 Qxf6 10.
Qxf6 gxf6 11. Nd2 $14) 9. Nd2 $14 (9. O-O h6 10. Bxf6 Qxf6 11. Qxf6 11... gxf6
$14) 9... O-O-O $16 (9... h6 10. Bxf6 Qxf6 11. Qxf6 gxf6 12. b4 $16) 10. b4 Bb6
11. a4 a5 12. b5 {Raumvorteil} 12... Nb8 13. Bxf6 gxf6 14. O-O $14 (14. Bd5
14... Nd7 $16) 14... Rdg8 15. Kh2 Rg7 16. Qe2 $11 (16. Bd5 Rhg8 17. Rg1 17...
Bc5 $16) 16... Rhg8 17. Rg1 f5 18. exf5 18... Qg5 {Im Brennpunkt: g2} 19. Ne4
$15 (19. Bd5 19... Nd7 $11) 19... Qxf5 20. Ng3 $17 (20. Rac1 20... Nd7 $15)
20... Qxf2 21. Qxf2 Bxf2 22. Nf5 Bxg1+ 23. Rxg1 Kd7 (23... Kd8 24. Nxg7 Rxg7
25. g3 $17) 24. Nxg7 Rxg7 25. Rf1 Ke7 26. g4 Nd7 27. d4 Nb6 28. Bb3 f6 29. Kg3
d5 30. dxe5 fxe5 31. h4 e4 32. g5 Rf7 33. Rxf7+ Kxf7 34. h5 c6 35. bxc6 bxc6
36. Kf4 Kg7 (36... Ke6 37. Bd1 $17) 37. c4 $19 (37. Ke3 $5 $17) 37... Nxc4 $11
(37... dxc4 $142 38. Bc2 Nd5+ 39. Kxe4 39... Nb4 $19) 38. Bxc4 dxc4 39. Kxe4
Kf7 40. Kd4 Ke6 41. Kxc4 Kf5 42. g6 hxg6 43. hxg6 Kxg6 44. Kc5 {
Der weisse Koenig wird gefaehrlich} 44... Kg5 45. Kxc6 Kf6 46. Kb6 Ke7 47. Kxa5
Kd8 48. Kb6 Kc8 49. a5 Kb8 50. a6 Ka8 51. a7 1/2-1/2